6 Letter Word Chain - Statistics

General Stats
  • This quiz has been taken 1,126 times
  • The average score is 14 of 20
Answer Stats
Hint Answer % Correct
Permanent ink on your body TATTOO
98%
The color of the bricks on the road to Oz YELLOW
92%
Your brother or sister's son NEPHEW
91%
Watery liquid secreted into the mouth by glands SALIVA
89%
A popular drink during Christmas EGGNOG
87%
In 1492 Columbus ______ the ocean blue SAILED
87%
An iPad is one, so's an Amazon Fire TABLET
85%
When travelling out of the country, you're travelling ______ ABROAD
84%
A large marine mammal related to seals WALRUS
80%
A young unmarried woman, seemingly often in distress DAMSEL
79%
A Japanese hostess trained to entertain men with conversation & dance GEISHA
74%
If it's a non-stop flight, you could also call it this DIRECT
73%
The Queen from Alice in Wonderland HEARTS
70%
An abbreviation for abbreviation ABBREV
63%
A not that popular veggie that people slice and throw in a salad RADISH
56%
A home having no fixtures, furniture or inhabitants ~ empty VACANT
56%
A cinematic film made with sound, not a silent film TALKIE
53%
A feeling of surprise mingled with admiration WONDER
47%
A stretch of salt water separated from the sea by a low sand bank LAGOON
43%
Elon Musk wants to do this on Mars OCCUPY
33%
No matching quizzes found
Score Distribution
Percent of People with Each Score
Percentile by Number Answered
Your Score History
You have not taken this quiz